Miami Heat 2025-2026 Roster - Statistics

General Stats
  • This quiz has been taken 37 times
  • The average score is 11 of 17
Answer Stats
Jersey # Pos Answer % Correct
13 C-F Bam Adebayo
100%
14 G Tyler Herro
96%
24 G Norman Powell
88%
22 F Andrew Wiggins
80%
45 G Davion Mitchell
80%
7 C Kel'El Ware
80%
11 F Jaime Jaquez Jr
76%
5 F Nikola Jovic
76%
9 G Pelle Larsson
76%
12 G Dru Smith
64%
16 F Keshad Johnson
52%
0 F Simone Fontecchio
52%
25 G Kasparas Jakucionis
40%
2 G Terry Rozier III
40%
15 F Myron Gardner
32%
17 G Jahmir Young
24%
50 C Vladislav Goldin
8%
No matching quizzes found
Score Distribution
Percent of People with Each Score
Percentile by Number Answered
Your Score History
You have not taken this quiz